Ako vyplniť daňové priznanie
Saved in:
| Main Author: | |
|---|---|
| Format: | Book |
| Language: | Slovak |
| Published: |
Žilina
HERMES
1994
|
| Edition: | 1. vyd. |
| Subjects: | |
| Tags: |
No Tags, Be the first to tag this record!
|
MARC
| LEADER | 00000nam a2200000 4500 | ||
|---|---|---|---|
| 001 | c005331 | ||
| 005 | 20221128072446.6 | ||
| 020 | |a 80-85445-14-X | ||
| 041 | 0 | |a slo | |
| 044 | |a SK | ||
| 245 | 1 | 0 | |a Ako vyplniť daňové priznanie |c Vincent Magáth |
| 250 | |a 1. vyd. | ||
| 264 | 1 | |a Žilina |b HERMES |c 1994 | |
| 300 | |a 29 s. |e tab. príl. | ||
| 610 | 2 | 0 | |a priznania daňové |
| 610 | 2 | 0 | |a formuláre |
| 610 | 2 | 0 | |a poradenstvo |
| 610 | 2 | 0 | |a informácie |
| 100 | 1 | |a Magáth, Vincent | |